000 00718nam a2200217Ii 4500
003 JO-AjNU
008 230605s9999||||xx |||||||||||||| ||und||
020 _a978-9957-98-043-6
040 _aJO-AjNU
_bara
_erda
_cJO-AjNU
041 _aara
050 1 4 _aDS231 2019
100 3 _aمصطفى، احمد محمد,
_eauthor
_960850
245 0 0 _aتاريخ العرب قبل الاسلام، ج2
250 _aط1
264 3 1 _aعمان: دار الاعصار العلمي للنشر والتوزيع، 2019
300 _aج2: 567ص
336 _atext
_btxt
_2rdacontent
337 _aunmediated
_bn
_2rdamedia
338 _avolume
_bnc
_2rdacarrier
650 4 _aالعرب قبل الاسلام - تاريخ
_960851
999 _aA27469
_c31037
_d31037